000 00938nam a22002777a 4500
001 9642
003 FISKH
005 20260304102945.0
008 260127b cb ||||| |||| 00| 0 eng d
020 _a9781368051446
040 _aFISKH
_beng
_cFISKH
_dFISKH
050 _aPZ7 .R4829 .S
082 _a813.6
100 _aRiordan, Rick
_eAuthor
245 _aThe son of Neptune /
_cRick Riordan
260 _aNew York :
_bDisney ,
_c2011
300 _a521 pages :
_b20 cm
490 _aThe heroes of Olympus :
_v2
505 _aP
520 _aDemigod Percy Jackson, still with no memory, and his new friends from Camp Jupiter, Hazel and Frank, go on a quest to free Death, but their bigger task is to unite the Greek and Roman camps so that the Prophecy of Seven can be fulfilled.
521 8 _a640
_bLexile
521 8 _aP
_bRaz-Plus
650 _aChildren's literature
_vDemigods
942 _2ddc
_cBK
_n0
999 _c9642
_d9642